Baby care from birth to birthday. (Record no. 38916)

MARC details
000 -LEADER
fixed length control field 00547cam a22002051 4500
001 - CONTROL NUMBER
control field med48000641
003 - CONTROL NUMBER IDENTIFIER
control field DLC
005 - DATE AND TIME OF LATEST TRANSACTION
control field 20260227111610.0
008 - FIXED-LENGTH DATA ELEMENTS--GENERAL INFORMATION
fixed length control field 811121s1947 xx a 000 0 eng
010 ## - LIBRARY OF CONGRESS CONTROL NUMBER
LC control number med48000641
035 ## - SYSTEM CONTROL NUMBER
System control number (OCoLC)14657414
040 ## - CATALOGING SOURCE
Original cataloging agency DLC
Transcribing agency DNLM
Modifying agency OCl
-- DLC
042 ## - AUTHENTICATION CODE
Authentication code premarc
050 00 - LIBRARY OF CONGRESS CALL NUMBER
Classification number RJ61
Item number .L35
060 0# - NATIONAL LIBRARY OF MEDICINE CALL NUMBER
Classification number WS 113
Item number L418b 1947
100 1# - MAIN ENTRY--PERSONAL NAME
Personal name Lawler, Edmund Griffin,
Dates associated with a name 1899-
245 10 - TITLE STATEMENT
Title Baby care from birth to birthday.
260 ## - PUBLICATION, DISTRIBUTION, ETC.
Place of publication, distribution, etc. New York [etc.]
Name of publisher, distributor, etc. Wilcox, Follett
Date of publication, distribution, etc. [1947]
300 ## - PHYSICAL DESCRIPTION
Extent x, 406 p.
Other physical details ill.

No items available.

Powered by Koha